| 000 | 00463nam a22001697a 4500 | ||
|---|---|---|---|
| 003 | MPLRDC | ||
| 005 | 20220104162857.0 | ||
| 008 | 210129b ||||| |||| 00| 0 eng d | ||
| 082 | _a859.6 ADYY v.13 | ||
| 100 | _aMARJORIE WEINMAN SHARMAT | ||
| 245 |
_aNATE THE GREAT AND THE PHONY CLUE _c |
||
| 260 |
_a _bA YEARLING BOOK DELL PUBLISHING _c |
||
| 300 | _b平 | ||
| 490 | _aA DELL YOUNG YEARLING | ||
| 650 | _aCHILDREN LITERATURE | ||
| 942 |
_cBK _o859.6 ADYY v.13 |
||
| 999 |
_c56185 _d56175 |
||